Slávnostný koncert Základnej umeleckej školy v Medzeve pri príležitosti 20. výročia založenia akordeónového súboru

Bibliographic Details
Main Author: Csontosová, Mária (Author)
Format: Article
Language:Slovak
PhysicalDescription:Fotografie
ISSN:2644-7134
Subjects:

MARC

LEADER 00000nab a2200000u 4500
001 vtls012261725
003 SK-MaSNL
005 20260304013345.0
008 240806|2024 xo ||||||| || ||slo|
038 |a KEVKJB 
040 |a KEVKJB  |b slo  |c KEVKJB  |e rda 
041 0 |a slo 
043 |a e-xo--- 
044 |a xo  |c SK 
072 7 |a 373.2/.3  |x Predškolská a primárna výchova a vzdelávanie  |2 konspekt 
080 |a 373.3:7  |2 2011 
100 1 |a Csontosová, Mária  |4 aut  |9 1091311 
245 1 0 |a Slávnostný koncert Základnej umeleckej školy v Medzeve pri príležitosti 20. výročia založenia akordeónového súboru  |c Mária Csontosová 
300 |b Fotografie 
336 |a text  |b txt  |2 rdacontent 
337 |a bez média  |b n  |2 rdamedia 
338 |a zväzok  |b nc  |2 rdacarrier 
610 2 7 |a Základná umelecká škola (Medzev, Slovensko)  |2 kevkjb  |9 1089633 
650 0 7 |a základné umelecké školy  |2 SNKPH  |9 29368 
650 0 7 |a koncerty  |2 SNKPH  |9 19182 
650 0 7 |a akordeón  |2 SNKPH  |9 56802 
651 7 |a Medzev (Slovensko)  |2 SNKPHgeo  |9 25106 
651 7 |a Košice-okolie (Slovensko : okres)  |2 SNKPHgeo  |9 146743 
773 0 |t Medzevčan  |g Roč. 18, č. 2 (2024), s. 9  |x 2644-7134 
852 |a KEVKJB  |b KIS3GCP 
999 |c 2575443  |d 2577373